La obra pictórica completa de Miguel Ángel / (Record no. 180541)

MARC details
000 -LEADER
campo de control de longitud fija 00919nam a2200265 i 4500
001 - NÚMERO DE CONTROL
campo de control 180541
003 - IDENTIFICADOR DE NÚMERO DE CONTROL
campo de control ES-MaACL
005 - FECHA Y HORA DE LA ÚLTIMA TRANSACCIÓN
campo de control 20240302062941.0
008 - DATOS DE LONGITUD FIJA--INFORMACIÓN GENERAL
campo de control de longitud fija 120612s1968 sp afp |||| |bspa d
080 ## - NÚMERO DE LA CLASIFICACIÓN DECIMAL UNIVERSAL
Número de la Clasificación Decimal Universal 75Michelangelo
100 0# - ENTRADA PRINCIPAL--NOMBRE DE PERSONA
Nombre de persona Michelangelo,
Fechas asociadas al nombre 1475-1564
9 (RLIN) 80912
245 13 - MENCIÓN DEL TÍTULO
Título La obra pictórica completa de Miguel Ángel /
Mención de responsabilidad, etc. introducción de Salvatore Quasimodo ; biografía y estudios críticos de Ettore Camesasca.
246 38 - FORMA VARIANTE DEL TITULO
Título propio/Titulo breve Miguel Ángel
260 ## - PUBLICACIÓN, DISTRIBUCIÓN, ETC.
Lugar de publicación, distribución, etc. Barcelona :
Nombre del editor, distribuidor, etc. Noguer,
Fecha de publicación, distribución, etc. [1968] (
Fabricante Rizzoli)
300 ## - DESCRIPCIÓN FÍSICA
Extensión 112 p. :
Otras características físicas il. col. y n. ;
Dimensiones 32 cm.
490 1# - MENCIÓN DE SERIE
Mención de serie Clásicos del arte ;
Designación de volumen o secuencia 1
500 ## - NOTA GENERAL
Nota general Índices.
504 ## - NOTA DE BIBLIOGRAFÍA, ETC.
Nota de bibliografía, etc. Bibliografia: p. 82.
600 04 - PUNTO DE ACCESO ADICIONAL DE MATERIA--NOMBRE DE PERSONA
Nombre de persona Michelangelo,
Fechas asociadas al nombre 1475-1564
9 (RLIN) 80912
700 1# - ENTRADA AGREGADA--NOMBRE PERSONAL
Nombre de persona Quasimodo, Salvatore.
9 (RLIN) 94489
700 1# - ENTRADA AGREGADA--NOMBRE PERSONAL
Nombre de persona Camesasca, Ettore.
9 (RLIN) 34067
830 0# - PUNTO DE ACCESO ADICIONAL DE SERIE-TÍTULO UNIFORME
Título uniforme Clásicos del arte ;
Designación de volumen o secuencia 1
9 (RLIN) 191252
852 ## - LOCALIZACIÓN
Ubicación ES-MaACL
Número de control de estantería L-31036
Holdings
Estatus retirado Estado de pérdida Estado de daño No para préstamo Biblioteca de origen Biblioteca actual Ubicación en estantería Fecha de adquisición Fuente de adquisición Total de préstamos Signatura topográfica completa Código de barras Visto por última vez Precio de reemplazo Tipo de ítem Koha
        Biblioteca del Ateneo de Madrid Biblioteca del Ateneo de Madrid Depósito 2 12/06/2012     L-31036 1189709 23/02/2023 23/02/2023 Libro impreso